| 000 | 01571cas a2200349 a 4500 | ||
|---|---|---|---|
| 999 |
_c6207 _d6207 |
||
| 001 | 6207 | ||
| 003 | BD-JhCC | ||
| 005 | 20180125134923.0 | ||
| 008 | 070109d19811992dcuqr pso 0 a0eng c | ||
| 022 | 0 | _a2331-4206 | |
| 035 | _a(BD-JhCC)6207 | ||
| 040 |
_aBD-JhCC _dBD-JhCC |
||
| 041 | _aeng | ||
| 050 | 1 | 0 | _aISSSN RECORD |
| 082 | 1 | 0 |
_a378 _223 _bTHO 1960 |
| 090 | _a110985822453436 | ||
| 100 | _aThornton, James W. | ||
| 245 | 1 | 0 |
_aThe community junior college / _cJames W.Thornton |
| 246 | 1 | _aCJC | |
| 246 | 1 | 7 | _aCommunity/junior college quarterly |
| 260 |
_aWashington, D.C. : _bHemisphere Pub. Corp., _cc1981-c1992. |
||
| 300 |
_a300 p. : _c25 cm. |
||
| 580 | _aSome providers include as part of the Web site of the later title: Community college journal of research and practice. | ||
| 650 | 0 |
_aCommunity colleges _zUnited States _vPeriodicals. |
|
| 650 | 0 |
_aJunior colleges _zUnited States _vPeriodicals. |
|
| 776 | 0 | 8 |
_iPrint version: _tCommunity/junior college _x0277-6774 _w(DLC) 82641876 _w(OCoLC)7625585 |
| 780 | 0 | 0 | _tCommunity/junior college research quarterly (Online) |
| 785 | 1 | 0 |
_tCommunity college journal of research and practice (Online) _x1521-0413 |
| 856 | 4 | 0 |
_uhttp://oxfordsfx-direct.hosted.exlibrisgroup.com/oxford?url%5Fver=Z39.88-2004&ctx%5Fver=Z39.88-2004&ctx%5Fenc=info:ofi/enc:UTF-8&rfr%5Fid=info:sid/sfxit.com:opac%5F856&url%5Fctx%5Ffmt=info:ofi/fmt:kev:mtx:ctx&sfx.ignore%5Fdate%5Fthreshold=1&rft.object%5Fid=110985822453436&svc%5Fval%5Ffmt=info:ofi/fmt:kev:mtx:sch%5Fsvc& _yFind it @ Oxford |
| 942 |
_2ddc _cBK |
||